000 00229 a2200097 4500
001 6768
100 _aLewis, W E
245 _aApplication of Matrix Theory to Electrical Engineering
260 _a
_bSpon
_c
090 _c5595
_d5595
942 _aNUST-CAE
_cM
_c32039
999 _c241841
_d241841